000 00598nam a2200229Ia 4500
003 GCL
008 140319s9999 xx 000 0 eng d
040 _aGCL /
_cGCL
082 0 4 _aCC
_b301
_bH A
100 1 _aHOPKINS, NICHOLAS S.
245 1 0 _aAGRARIAN TRANSFORMATION IN EGYPT /
_cHOPKINS, NICHOLAS S.
260 _a[S.N] :
_bTHE AMERICAN UNIVERSITY IN CAIRO PRESS ،
_c1987
300 _a215 PP
650 0 4 _aANTHROPOLOGY - HISTORY
650 0 4 _aEGYPT
650 0 4 _aMARKETING
650 0 4 _aWOMEN
650 0 4 _aEGYPTIAN WOMEN
650 0 4 _aLAND
650 0 4 _aPEOPLE
942 _2ddc
_cBK
999 _c12218
_d12218